000 00596cam a22002053a 4500
001 44973
003 PGUSA
005 20140828084028.0
008 140221s2014||||xxu|||||s|||||000 | eng d
040 _aPGUSA
_beng
042 _adc
100 1 _aGould, Elizabeth Porter
245 1 0 _aStray Pebbles from the Shores of Thought
_h[electronic resource] /
_cElizabeth Porter Gould
260 _bProject Gutenberg,
_c2014
506 _aPublic domain in the USA.
516 _aElectronic text
830 0 _aProject Gutenberg
_v44973
856 4 0 _uhttp://www.gutenberg.org/ebooks/44973
942 _cEB
999 _c274224
_d274224